000 00301nam a22001337a 4500
008 181205b xxu||||| |||| 00| 0 eng d
020 _a0852634811
041 _aeng
080 _a721
100 _a41
101 _aNDE
245 _aDiscovering Timber-Framed Buildings
_cHarris,R
942 _2udc
_cBK
999 _c52861
_d52861